000
00235nam a22000857a 4500
999
_c
11367
_d
11367
008
190401b ||||| |||| 00| 0 eng d
020
_a
9781504312944
100
_9
7106
_a
HATTIE JOHN
245
_a
VISIBLE LEARNING FOR MATHEMATICS GRADES K -12